| 000 | 00512nam a2200157 a 4500 | ||
|---|---|---|---|
| 001 | 000030042 | ||
| 005 | 20200930060009.0 | ||
| 008 | 110428s1988 dr 000 0 spa d | ||
| 040 |
_aDO-SdBNP _bspa _cBNPHU |
||
| 245 | 0 | 0 | _aManual de laboratorio de física general I. |
| 250 | _a2a ed. | ||
| 260 |
_aSanto Domingo : _bUniversidad Autónoma de Santo, _c1988. |
||
| 300 |
_a24 p. : _bil. ; _c28 cm. |
||
| 710 | 2 |
_aUniversidad Autónoma de Santo _bFacultad de Ciencias, Departamento de Física _956753 |
|
| 049 | _aBNPD | ||
| 999 |
_c29534 _d29534 |
||